000 00480nmm a2200169Ia 4500
008 251105s9999||||xx |||||||||||||||||und||
020 _a8477370532
041 _aspa
100 _aAguilar Gavilán, Enrique
245 0 _aHistoria de Córdoba
264 _a[Madrid, España] :
_bSílex Ediciones,
_c1995
300 _a144 páginas
490 _a--Sin colección
650 _aHistory of Europe: Spain
856 _uhttps://public.digitaliapublishing.com/a/1314
942 _cCF
999 _c73433
_d73433